000 00353nam a22001457a 4500
999 _c15609
_d15609
003 OSt
008 190520b ||||| |||| 00| 0 eng d
020 _a9789351246411
082 _a510
_bSHE/TE
245 _aTextbook of Basic Mathematics
250 _aSheel, S K.
260 _aNew Delhi
_bDaya Publishing House
_c2015
300 _a346 p.
942 _cBK